00396pab a2200145 454500008004000000100002000040245008300060260000900143300001400152362000800166650001200174650001800186700001600204773003000220180718b2006 xxu||||| |||| 00| 0 eng d aMilton, Lavinia aThe information, advice and guidance needs of older workers (a review article) c2006 ap.541-50. aOct aOld age aLabour market aHull, Cathy aSocial Policy and Society